| 000 | 01152nam a22002297a 4500 | ||
|---|---|---|---|
| 999 |
_c33420 _d33420 |
||
| 003 | OSt | ||
| 005 | 20221121160201.0 | ||
| 008 | 150408b xxu||||| |||| 00| 0 eng d | ||
| 040 | _cBMC | ||
| 082 | _a338.47917284 | ||
| 100 | 1 |
_946683 _aArrevillaga Hernández, Jenniffer Elizabeth |
|
| 245 | 1 | 0 |
_aEl turismo sostenible en el Municipio de Santa Ana, departamento de Santa Ana _b: investigación, informe final _cJenniffer Elizabeth Arrevillaga Hernández, Ana María Monterrosa López, José Ramón Maldonado Portillo |
| 260 |
_aSanta Ana (El Salvador) _bUniversidad Católica de El Salvador _c2022 |
||
| 300 |
_a82+[61] h. _bil. col _c28 cm _e+ 1 disco compacto |
||
| 500 | _aPrecede al tít.: Universidad Católica de El Salvador, Facultad de Ciencias Empresariales | ||
| 502 | _aTrabajo de graduación para optar al grado académico de Licenciatura en Gestión y Desarrollo Turístico | ||
| 650 | 2 | 4 |
_931164 _aTurismo _zEl Salvador |
| 700 | 1 |
_946684 _aMonterrosa López, Ana María |
|
| 700 | 1 |
_946685 _aMaldonado Portillo, José Ramón |
|
| 710 | 2 |
_91067 _aUniversidad Católica de El Salvador _bFacultad de Ciencias Empresariales |
|
| 942 |
_2ddc _cTG |
||